| 000 | 04903nam a22005057a 4500 | ||
|---|---|---|---|
| 005 | 20120511120356.0 | ||
| 010 | _aB-445883-901 B-462514-518 | ||
| 020 |
_a9780143065838 _c399.00 |
||
| 035 | _aB-445883-901 B-462514-518 | ||
| 037 |
_adpl _bAllied Pub /Ven |
||
| 037 |
_adpl _bK.K.Pub/Ven |
||
| 082 | _aN | ||
| 100 |
_aTagore, Rabindernath _950267 |
||
| 245 |
_aGora / _cby Rabindernath Tagore |
||
| 260 |
_aNew Delhi _bPenguin Books _c2009 |
||
| 270 |
_a11 community centre Pancheel park _b New Delhi _e110017 |
||
| 300 |
_axxv,517p _c19cm |
||
| 942 |
_2ddc _cEN _mTAG _hN |
||
| 999 |
_c66485 _d66485 |
||